000 00734nam a2200265 a 4500
999 _c8801
_d8801
001 8801
003 BD-JhCC
005 20180529142527.0
008 881003s2005 enk 000 0 eng d
020 _a0328117099
035 _a(BD-JhCC)8801
040 _aBD-JhCC
_dBD-JhCC
041 _aeng
082 _a510
_bCHA 2005
100 _aCharles, Randall I.
245 1 0 _aMathematics /
_cRandall I. Charles, Warren Crown and Francis (Skip) Fennell
260 _aPan Books :
_bLondon,
_c1987
300 _a311 p. :
_bill. ;
_c25 cm
490 1 _aPan study aids
650 0 _aMathematics
_vExaminations, questions, etc.
700 _a Crown, Warren
700 _aFennell, Francis (Skip)
942 _2ddc
_cBK